| 000 | 00458nam a22001817a 4500 | ||
|---|---|---|---|
| 999 |
_c4094 _d4094 |
||
| 003 | OSt | ||
| 005 | 20181128173606.0 | ||
| 008 | 181128b ||||| |||| 00| 0 eng d | ||
| 020 | _a091714323X | ||
| 040 |
_bDLC _cDLC |
||
| 082 |
_a248.8 _bK24D |
||
| 100 | _aKeaggy, Bernadette; | ||
| 245 |
_aA Deeper Shade of Grace/ _cForeword By Phil Keaggy |
||
| 260 |
_aNashville; _bSparrow Press; _cc1993 |
||
| 300 |
_a145p.; _c22cm |
||
| 650 | _2Grace | ||
| 942 |
_2ddc _cBK |
||